[Event "CFriend AC-2003-S-00003 email"]
[Site "Chessfriend.com"]
[Date "2004.12.01"]
[Round "1"]
[White "Fuest, Martin"]
[Black "Schwaiger, Michael"]
[Result "1-0"]
[WhiteElo "2524"]
[BlackElo "2314"]
[PlyCount "43"]
[EventDate "2004.??.??"]
[EventType "tourn (corr)"]
[EventRounds "6"]
[SourceTitle "Corr 2024"]
[Source "ChessBase"]
[SourceDate "2023.10.19"]
[SourceVersion "1"]
[SourceVersionDate "2023.10.19"]
[SourceQuality "1"]

1. e4 e6 2. d4 d5 3. Nd2 c5 4. Ngf3 cxd4 5. exd5 Qxd5 6. Bc4 Qd6 7. 0-0 Nf6 8. Nb3 Nc6 9. Nbxd4 Nxd4 10. Nxd4 a6 11. Bb3 Qc7 12. Qf3 Bd6 13. Kh1 0-0 14. Bg5 Nd7 15. c3 Ne5 16. Qh5 Nc4 17. Bc2 g6 18. Qh4 Nxb2 19. Rfe1 Bd7 20. Bf6 Rfb8 21. Re3 h5 22. g4 1-0

[Event "CFriend AC-2003-S-00003 email"]
[Site "Chessfriend.com"]
[Date "2004.12.01"]
[Round "1"]
[White "Schwaiger, Michael"]
[Black "Claridge, John"]
[Result "1/2-1/2"]
[WhiteElo "2314"]
[BlackElo "2371"]
[PlyCount "66"]
[EventDate "2004.??.??"]
[EventType "tourn (corr)"]
[EventRounds "6"]
[SourceTitle "Corr 2024"]
[Source "ChessBase"]
[SourceDate "2023.10.19"]
[SourceVersion "1"]
[SourceVersionDate "2023.10.19"]
[SourceQuality "1"]

1. d4 Nf6 2. c4 g6 3. Nc3 d5 4. Nf3 Bg7 5. cxd5 Nxd5 6. Bg5 c5 7. Rc1 Nxc3 8. bxc3 0-0 9. Qd2 Bg4 10. e3 Nc6 11. Be2 Qd5 12. Bf4 Rad8 13. h3 e5 14. Bxe5 Nxe5 15. hxg4 Nxg4 16. Qb2 a6 17. Qb3 Qe4 18. Rd1 b5 19. a4 b4 20. cxb4 cxd4 21. exd4 Bxd4 22. Rxd4 Rxd4 23. Nxd4 Qxd4 24. 0-0 Rb8 25. b5 axb5 26. Qd1 Qxd1 27. Rxd1 Nxf2 28. Kxf2 bxa4 29. Ra1 Ra8 30. Ra3 h5 31. Bd1 f5 32. Rxa4 Rxa4 33. Bxa4 Kg7 1/2-1/2

[Event "CFriend AR-2003-F-00004 email"]
[Site "Chessfriend.com"]
[Date "2004.05.07"]
[Round "1"]
[White "Billaudelle, Frank"]
[Black "Schwaiger, Michael"]
[Result "1-0"]
[WhiteElo "2354"]
[BlackElo "2289"]
[PlyCount "103"]
[EventDate "2004.??.??"]
[EventType "tourn (corr)"]
[EventRounds "12"]
[SourceTitle "Corr 2008"]
[Source "ChessBase"]
[SourceDate "2008.06.24"]
[SourceVersion "1"]
[SourceVersionDate "2008.06.24"]
[SourceQuality "1"]

1. e4 e5 2. Nf3 Nc6 3. Bb5 a6 4. Ba4 Nf6 5. 0-0 Be7 6. Re1 b5 7. Bb3 d6 8. h3 0-0 9. c3 Nb8 10. d4 Nbd7 11. Nbd2 Bb7 12. Bc2 c5 13. b3 cxd4 14. cxd4 exd4 15. Nxd4 Re8 16. Bb2 Rc8 17. a4 bxa4 18. Rxa4 Bf8 19. Nf5 g6 20. Ne3 Nb6 21. Ra1 Bg7 22. Bd3 Ra8 23. b4 d5 24. e5 Nfd7 25. f4 Qe7 26. Qb3 Bf8 27. Nc2 Qh4 28. Rf1 Bg7 29. Nd4 Rec8 30. Rf2 Qe7 31. Ra5 Bf8 32. Ba3 Bg7 33. Bf1 Nb8 34. b5 Qd8 35. Qe3 N6d7 36. N2b3 axb5 37. Rxa8 Bxa8 38. Nxb5 Qb6 39. N3d4 Re8 40. Nd6 Rd8 41. Rb2 Qa7 42. N6b5 Qb6 43. Nc3 Qa7 44. Ra2 Qb7 45. Bb5 Rc8 46. Bd6 Nc5 47. Kh2 Nbd7 48. Na4 Nxa4 49. Rxa4 Nf8 50. Qa3 Qb6 51. Rb4 Qd8 52. Ba6 1-0

[Event "CFriend AR-2003-F-00004 email"]
[Site "Chessfriend.com"]
[Date "2004.05.07"]
[Round "1"]
[White "Nikel, Bogdan"]
[Black "Schwaiger, Michael"]
[Result "1/2-1/2"]
[WhiteElo "2269"]
[BlackElo "2289"]
[PlyCount "40"]
[EventDate "2004.??.??"]
[EventType "tourn (corr)"]
[EventRounds "12"]
[SourceTitle "Corr 2008"]
[Source "ChessBase"]
[SourceDate "2008.06.24"]
[SourceVersion "1"]
[SourceVersionDate "2008.06.24"]
[SourceQuality "1"]

1. e4 e5 2. Nf3 Nc6 3. Bb5 a6 4. Bxc6 dxc6 5. 0-0 Be7 6. d3 Bf6 7. Be3 Ne7 8. Nbd2 Ng6 9. Nc4 0-0 10. h3 Be6 11. Qe1 Bxc4 12. dxc4 Qe7 13. c5 Qe6 14. Qb4 Rab8 15. Rad1 Qxa2 16. c4 a5 17. Qc3 Qa4 18. Ra1 Qb4 19. Qxb4 axb4 20. Ra4 Be7 1/2-1/2

[Event "CFriend AR-2003-F-00004 email"]
[Site "Chessfriend.com"]
[Date "2004.05.07"]
[Round "1"]
[White "Schwaiger, Michael"]
[Black "Tushev, Andrey"]
[Result "1-0"]
[WhiteElo "2289"]
[BlackElo "2186"]
[PlyCount "65"]
[EventDate "2004.??.??"]
[EventType "tourn (corr)"]
[EventRounds "12"]
[SourceTitle "Corr 2008"]
[Source "ChessBase"]
[SourceDate "2008.06.24"]
[SourceVersion "1"]
[SourceVersionDate "2008.06.24"]
[SourceQuality "1"]

1. d4 Nf6 2. c4 e6 3. Nf3 b6 4. g3 Bb7 5. Bg2 d6 6. Nc3 Nbd7 7. 0-0 d5 8. cxd5 Nxd5 9. Nxd5 Bxd5 10. Qc2 Nf6 11. Bg5 Be7 12. Bxf6 Bxf6 13. Rac1 0-0 14. e4 Bb7 15. e5 Be7 16. Qxc7 Bd5 17. Ne1 Rc8 18. Qxd8 Rfxd8 19. Rxc8 Rxc8 20. Bxd5 exd5 21. f4 Rc4 22. Nf3 f5 23. Rd1 Kf7 24. Kf2 h6 25. Ke3 g6 26. Kd3 Ke6 27. a3 Rc8 28. Kd2 a5 29. Rc1 Rxc1 30. Kxc1 Kf7 31. Kc2 Ke6 32. Nd2 g5 33. Nb1 1-0

[Event "CFriend AH-2004-0-00006 email"]
[Site "Chessfriend.com"]
[Date "2004.04.14"]
[Round "1"]
[White "Schwaiger, Michael"]
[Black "Daus, Peter"]
[Result "1-0"]
[WhiteElo "2314"]
[BlackElo "2340"]
[PlyCount "71"]
[EventDate "2004.??.??"]
[EventType "tourn (corr)"]
[EventRounds "13"]
[SourceTitle "Corr 2024"]
[Source "ChessBase"]
[SourceDate "2023.10.19"]
[SourceVersion "1"]
[SourceVersionDate "2023.10.19"]
[SourceQuality "1"]

1. Nf3 d5 2. d4 Nc6 3. Bf4 Bg4 4. e3 e6 5. c4 Bb4+ 6. Nc3 Nf6 7. Rc1 0-0 8. h3 Bxf3 9. Qxf3 Bxc3+ 10. bxc3 Ne4 11. Bd3 f5 12. cxd5 exd5 13. Qe2 Ne7 14. c4 dxc4 15. Bxe4 fxe4 16. Qxc4+ Rf7 17. Rb1 b6 18. Bxc7 Qd7 19. Bg3 Rc8 20. Qb3 Nd5 21. 0-0 Rc3 22. Qb2 Qc6 23. Rbc1 a5 24. Rxc3 Nxc3 25. Kh2 b5 26. Rc1 b4 27. Qb3 Kf8 28. a3 Rb7 29. d5 Qd7 30. Qc4 h6 31. d6 Qb5 32. Qc8+ Kf7 33. Rc2 Qd7 34. Qc4+ Kf6 35. f3 exf3 36. e4 1-0

[Event "CFriend AH-2004-0-00006 email"]
[Site "Chessfriend.com"]
[Date "2004.04.14"]
[Round "?"]
[White "Schwaiger, Michael"]
[Black "Gildred, Terrence L Nick"]
[Result "1/2-1/2"]
[WhiteElo "2241"]
[BlackElo "2254"]
[PlyCount "51"]
[EventDate "2004.??.??"]
[EventType "tourn (corr)"]
[EventRounds "13"]
[SourceTitle "Corr 2008"]
[Source "ChessBase"]
[SourceDate "2008.06.24"]
[SourceVersion "1"]
[SourceVersionDate "2008.06.24"]
[SourceQuality "1"]

1. Nf3 Nf6 2. c4 c5 3. Nc3 e6 4. g3 b6 5. Bg2 Bb7 6. 0-0 Be7 7. d4 cxd4 8. Qxd4 d6 9. Bg5 a6 10. Rfd1 Nbd7 11. Qd2 0-0 12. Bf4 Ne8 13. Rac1 Qc7 14. b3 Rd8 15. Qe3 e5 16. Bh3 Kh8 17. g4 Ndf6 18. Bg5 Rb8 19. Nh4 Qd8 20. Bxf6 Bxf6 21. Nf3 g6 22. Nd5 Bg7 23. g5 Ba8 24. Qd2 f5 25. gxf6 Nxf6 26. Nxf6 1/2-1/2

[Event "CFriend AH-2004-0-00006 email"]
[Site "Chessfriend.com"]
[Date "2004.04.14"]
[Round "1"]
[White "Schwaiger, Michael"]
[Black "Herbst, Bernd"]
[Result "1/2-1/2"]
[WhiteElo "2314"]
[BlackElo "2260"]
[PlyCount "69"]
[EventDate "2004.??.??"]
[EventType "tourn (corr)"]
[EventRounds "13"]
[SourceTitle "Corr 2024"]
[Source "ChessBase"]
[SourceDate "2023.10.19"]
[SourceVersion "1"]
[SourceVersionDate "2023.10.19"]
[SourceQuality "1"]

1. e4 c5 2. Nf3 d6 3. d4 cxd4 4. Nxd4 Nf6 5. Nc3 g6 6. Be3 Bg7 7. f3 0-0 8. Qd2 Nc6 9. 0-0-0 Bd7 10. g4 Rc8 11. Kb1 Ne5 12. Be2 b5 13. Ndxb5 Bxb5 14. Nxb5 Qd7 15. Nd4 Rc7 16. h4 Rb8 17. Nb3 h5 18. gxh5 Nxh5 19. f4 Nc4 20. Bxc4 Rxc4 21. e5 Rbc8 22. c3 Qf5+ 23. Qd3 Qxd3+ 24. Rxd3 dxe5 25. fxe5 Bxe5 26. Bxa7 Bg3 27. Rd4 R4c6 28. Rd2 e5 29. Be3 Rc4 30. Bf2 Bxf2 31. Rxf2 Kg7 32. Nd2 Rg4 33. Re1 Re8 34. Ne4 Nf4 35. Rd2 1/2-1/2

[Event "CFriend AR-2003-Q-00008 email"]
[Site "Chessfriend.com"]
[Date "2003.12.03"]
[Round "1"]
[White "Schwaiger, Michael"]
[Black "Mueller, Klaus"]
[Result "1/2-1/2"]
[WhiteElo "2314"]
[BlackElo "1323"]
[PlyCount "48"]
[EventDate "2003.??.??"]
[EventType "tourn (corr)"]
[EventRounds "12"]
[SourceTitle "Corr 2024"]
[Source "ChessBase"]
[SourceDate "2023.10.19"]
[SourceVersion "1"]
[SourceVersionDate "2023.10.19"]
[SourceQuality "1"]

1. e4 c6 2. d4 d5 3. Nc3 dxe4 4. Nxe4 Bf5 5. Ng3 Bg6 6. h4 h6 7. Nf3 Nd7 8. h5 Bh7 9. Bd3 Bxd3 10. Qxd3 e6 11. Bd2 Ngf6 12. 0-0-0 Be7 13. Qe2 0-0 14. Kb1 Rc8 15. Ne5 c5 16. Nxd7 Qxd7 17. dxc5 Qc6 18. Bc3 Qxc5 19. Bxf6 Bxf6 20. Ne4 Qe5 21. Nxf6+ Qxf6 22. Rd7 Rfd8 23. Rhd1 Rxd7 24. Rxd7 Rd8 1/2-1/2

[Event "CFriend AC-2003-Q-00014 email"]
[Site "Chessfriend.com"]
[Date "2003.10.20"]
[Round "?"]
[White "Jenull, Marco S"]
[Black "Schwaiger, Michael"]
[Result "0-1"]
[WhiteElo "2030"]
[BlackElo "2208"]
[PlyCount "40"]
[EventDate "2003.10.20"]
[EventType "tourn (corr)"]
[EventRounds "10"]
[SourceTitle "Corr 2008"]
[Source "ChessBase"]
[SourceDate "2008.06.24"]
[SourceVersion "1"]
[SourceVersionDate "2008.06.24"]
[SourceQuality "1"]

1. e4 c6 2. d4 d5 3. exd5 cxd5 4. c4 Nf6 5. Nc3 Nc6 6. Bg5 e6 7. Nf3 Be7 8. c5 Ne4 9. Bxe7 Qxe7 10. Qd3 Nb4 11. Qb5+ Nc6 12. Nxe4 dxe4 13. Ne5 0-0 14. Nxc6 bxc6 15. Qe2 f5 16. 0-0-0 e5 17. dxe5 Qxe5 18. Qe3 Be6 19. f4 Qc7 20. Be2 Bd5 0-1

[Event "CFriend AC-2003-Q-00014 email"]
[Site "Chessfriend.com"]
[Date "2003.10.20"]
[Round "?"]
[White "Schwaiger, Michael"]
[Black "Barnsley, Anthony R"]
[Result "1/2-1/2"]
[WhiteElo "2086"]
[BlackElo "2447"]
[PlyCount "45"]
[EventDate "2003.10.20"]
[EventType "tourn (corr)"]
[EventRounds "10"]
[SourceTitle "Corr 2008"]
[Source "ChessBase"]
[SourceDate "2008.06.24"]
[SourceVersion "1"]
[SourceVersionDate "2008.06.24"]
[SourceQuality "1"]

1. d4 Nf6 2. c4 g6 3. Nc3 d5 4. cxd5 Nxd5 5. e4 Nxc3 6. bxc3 Bg7 7. Bc4 c5 8. Ne2 Nc6 9. Be3 0-0 10. Rc1 cxd4 11. cxd4 Qa5+ 12. Kf1 Qa3 13. Rc3 Qd6 14. h4 h5 15. f3 Rd8 16. Bd5 Nb4 17. Bb3 Nc6 18. Kf2 e5 19. d5 Na5 20. Qd2 b6 21. Rhc1 Nxb3 22. axb3 Bd7 23. Bg5 1/2-1/2

[Event "CFriend AC-2003-Q-00014 email"]
[Site "Chessfriend.com"]
[Date "2003.10.20"]
[Round "1"]
[White "Schwaiger, Michael"]
[Black "Petzold, Gunter"]
[Result "1/2-1/2"]
[WhiteElo "2314"]
[BlackElo "2270"]
[PlyCount "75"]
[EventDate "2003.10.20"]
[EventType "tourn (corr)"]
[EventRounds "10"]
[SourceTitle "Corr 2024"]
[Source "ChessBase"]
[SourceDate "2023.10.19"]
[SourceVersion "1"]
[SourceVersionDate "2023.10.19"]
[SourceQuality "1"]

1. e4 e5 2. Nf3 Nc6 3. d4 exd4 4. Nxd4 Bc5 5. Nxc6 Qf6 6. Qd2 dxc6 7. Nc3 Ne7 8. Qf4 Qxf4 9. Bxf4 Bd6 10. Be3 Be6 11. 0-0-0 0-0-0 12. Be2 a6 13. Na4 Ng6 14. Nc5 Nf8 15. Nxe6 Nxe6 16. Bg4 h5 17. Bxe6+ fxe6 18. f4 c5 19. c4 g6 20. e5 Be7 21. Rxd8+ Rxd8 22. Rd1 Rg8 23. g3 g5 24. Kd2 gxf4 25. Bxf4 Bg5 26. Ke3 Bxf4+ 27. gxf4 h4 28. Kf2 Rf8 29. Kf3 Rg8 30. Rd2 h3 31. b3 b5 32. f5 exf5 33. e6 Re8 34. Re2 Kd8 35. Kf4 Ke7 36. Kxf5 Rh8 37. Re3 c6 38. a4 1/2-1/2